| 000 | 00689nam a2200241Ia 4500 | ||
|---|---|---|---|
| 003 | OSt | ||
| 005 | 20221007080141.0 | ||
| 006 | a|||||r|||| 00| 0 | ||
| 007 | ta | ||
| 008 | 221006b |||||||| |||| 00| 0 eng d | ||
| 024 | _a1,376 | ||
| 037 | _cReference Collections | ||
| 040 |
_aFLL _cFLL _beng |
||
| 041 |
_2eng _aeng |
||
| 082 | _aX7281:Z2, N7 | ||
| 100 | _aBhargava U. K. | ||
| 245 | 0 | _aWealth tax act and gift tax act | |
| 260 |
_aNew Delhi _bTaxmann Publications (P.) Ltd. India _c1997 |
||
| 650 | _aTaxation | ||
| 700 | _a Bhargava Rakesh | ||
| 942 |
_hX7281:Z2, N7 _cREF _2CC |
||
| 999 |
_c1158499 _d1158499 |
||